| 000 | 00580nam a22001577a 4500 | ||
|---|---|---|---|
| 003 | OSt | ||
| 005 | 20151102144138.0 | ||
| 008 | 151102b xxu||||| |||| 00| 0 eng d | ||
| 040 | _cRUA | ||
| 082 | _aFOR យក់ 1994 B119 Or.1 | ||
| 100 |
_93188 _aយក់ ប៊ុនធាន |
||
| 245 | _aវិភាគទាននៃការវាយតម្លៃ ស្ដីពីការប្រើប្រាស់ឈើថាមពលក្នុង ខេត្តតាកែវ; | ||
| 260 |
_aPhnom Penh _bRUA _c1994 |
||
| 300 |
_a60p. _bill. _c29cm. |
||
| 942 |
_2ddc _cFOR |
||
| 999 |
_c2977 _d2977 |
||